EToH: Windswept Peak - Statistics

General Stats
  • This quiz has been taken 21 times
    7 since last reset
  • The average score is 95 of 264
Answer Stats
Area Difficulty Tower Name % Correct
100M Replay Easy 100M Celebration
100%
100M Replay Extreme 100M Revenge
100%
100M Replay Intense 100M Finale
75%
100M Replay Easy 100M Trial
75%
Festive Cliffside (CE2021) Challenging Citadel of Festive Struggles
75%
Forsaken Manor (HE2020) Remorseless Citadel of Horrifying Phobias
75%
Pit of Misery Unreal Citadel of Infinite Void
75%
Terrain World (AF2022) Challenging Goobie's
75%
BIOUMS (AF2025) Terrifying Maybe I Know U
75%
The Doghouse (AF2024) Insane Mini Citadel of Mini Citadel
75%
BIOUMS (AF2025) Extreme Mini Obelisk of Mini Obelisk
75%
Borealis Reach (CE2025) Remorseless Steeple of Below Zero
75%
Beggmuda Triangle (SE2019) Difficult Steeple of Egg Searches
75%
Harvest Carnival (HE2023) Easy Steeple of Ghostly Mischief
75%
Eclipsed Headquarters (HE2022) Medium Steeple of Headstone Evocation
75%
Old Frosted Kingdom (CE2020) Hard Steeple of Scrumptious Travels
75%
Beggmuda Triangle (SE2019) Medium Steeple of Spring Jubilation
75%
Old Frosted Kingdom (CE2020) Challenging Steeple of Wrapped Suffering
75%
The Doghouse (AF2024) Extreme Tower 1
75%
The Eternal Potluck (TE2019) Challenging Tower of Autumn Harvest
75%
Pit of Misery Unreal Tower of Blind Fate
75%
Terrain World (AF2022) Remorseless Tower of Coca Cola Espuma
75%
Legacy Fortress Insane Tower of Confusion (Legacy)
75%
Fool's Ring 9 (AF2021) Terrifying Tower of Da Baby
75%
Pit of Misery Horrific Tower of Eternal Void
75%
The Doghouse (AF2024) Difficult Tower Of Generation Retro
75%
The Doghouse (AF2024) Hard Tower of Getting Kinda Disappointed
75%
Legacy Fortress Difficult Tower of Gloom
75%
Fool's Ring 9 (AF2021) Remorseless Tower of Hella Gimmicks
75%
Terrain World (AF2022) Hard Tower of High Quality Fishing Boat
75%
Old Frosted Kingdom (CE2020) Difficult Tower of Hot Chocolate Fury
75%
Legacy Fortress Remorseless Tower of Mass Destruction
75%
Pit of Misery Easy Tower of Modernistic Design Choices
75%
Pit of Misery Terrifying Tower of Overthinking Life Choices
75%
Legacy Fortress Medium Tower of Phone Snapping (Legacy)
75%
Time-Lost Sands Insane Tower of Quaint Activations
75%
The Doghouse (AF2024) Intense Tower of Quick, Brown Fox!
75%
Fool's Ring 9 (AF2021) Challenging Tower of Round Platforms
75%
Pit of Misery Catastrophic Tower of Shunning Excursion
75%
The Doghouse (AF2024) Remorseless Tower of Sparkling Rainbow Water
75%
Legacy Fortress Remorseless Tower of Spicy Torment
75%
Pit of Misery Unreal Tower of Spiralling Fates
75%
Legacy Fortress Intense Tower of Tearing Up
75%
Pit of Misery Horrific Tower of The Roof's Pique
75%
Legacy Fortress Easy Tower of Trouble
75%
Legacy Fortress Insane Tower of Unending Bamboozles
75%
Pit of Misery Horrific Tower of Vacant Hindrances
75%
Pit of Misery Catastrophic Tower of Vindictive Maneuvers
75%
Pit of Misery Horrific Tower of Water Melon
75%
Legacy Fortress Challenging Tower of Window Shattering
75%
Pit of Misery Terrifying Tower of Xerically Infuriating Calamity
75%
Fool's Ring 9 (AF2021) Medium Tower of Yo Mama
75%
The Doghouse (AF2024) Gingerbread Wait of The World
75%
Pit of Misery Terrifying Was A Tower
75%
Fool's Ring 9 (AF2021) Insane Baldi Tower
50%
Something Otherworldly... (AF2023) Intense Citadel of "A Bug's Life!"
50%
Harvest Carnival (HE2023) Remorseless Citadel of Treats and Tricks
50%
BIOUMS (AF2025) Extreme Citadel of Walkies
50%
BIOUMS (AF2025) Intense Cringe Tower & Hinge Tower
50%
Time-Lost Tempest Challenging Do Dat Look Like A Tower
50%
The Doghouse (AF2024) Hard EESHOL (Region)
50%
Terrain World (AF2022) Difficult ESCAPE FROM FEDDY FAZBEAR
50%
BIOUMS (AF2025) Difficult ETOH TYCOON TYCOON TYCOON TYCOON
50%
BIOUMS (AF2025) Eschaton Huvin ja Hauskanpidon Torni
50%
Time-Lost Plain Challenging Is This A Tower?
50%
Something Otherworldly... (AF2023) Medium Lemonade Luh Luh Lemonade
50%
Fool's Ring 9 (AF2021) Medium Mini-Steeple of Gamer Moments
50%
BIOUMS (AF2025) Challenging Mush Stepl
50%
Something Otherworldly... (AF2023) Hard Rainbow Tower
50%
T H I R S T Z O N E (CE2018) Medium Steeple of Amazing Gifts
50%
Borealis Reach (CE2025) Hard Steeple of Castle Within Glass
50%
Beggmuda Triangle (SE2019) Difficult Steeple of Chaotic Hunting
50%
Pit of Misery Unknown Steeple of Cheese Burger
50%
T H I R S T Z O N E (CE2018) Challenging Steeple of Christmas Chaos
50%
Forsaken Manor (HE2020) Intense Steeple of Cosmic Terror
50%
Time-Lost Tempest Medium Steeple of Espalier
50%
Snowy Cabin (CE2019) Medium Steeple of Evergreen Ascension
50%
Saint Venoma (HE2025) Difficult Steeple of Fear of Ghosts
50%
Something Otherworldly... (AF2023) Insane Steeple of Gears Locked Up Because It's Cold
50%
Abyssal Badlands (HE2019) Intense Steeple of Midnight Terrors
50%
Harvest Carnival (HE2023) Intense Steeple of Moonlit Heresy
50%
Glacial Outpost (CE2024) Intense Steeple of Psycho Eyes
50%
Forsaken Manor (HE2020) Challenging Steeple of Pumpkin Panic
50%
Time-Lost Plain Medium Steeple of Questions
50%
Forsaken Manor (HE2020) Medium Steeple of Realm Crossing
50%
Glacial Outpost (CE2024) Challenging Steeple of Scrumptious Souvenirs
50%
Glacial Outpost (CE2024) Difficult Steeple of Seeking Asylum
50%
Eclipsed Headquarters (HE2022) Remorseless Steeple of Treacherous Toxins
50%
Abyssal Badlands (HE2019) Difficult Steeple of Tricks and Treats
50%
Saint Venoma (HE2025) Hard Steeple of Velvet Delirium
50%
Time-Lost Clockwork Intense This Is A Tower
50%
Time-Lost Plain Challenging Tower of A Splitting Headache
50%
Time-Lost Tempest Insane Tower of Boreal Disarray
50%
Heccfire Depths (HE2018) Hard Tower of Button Venturing
50%
Time-Lost Tempest Remorseless Tower of Celestial Luminescence
50%
Time-Lost Tempest Catastrophic Tower of Challenging Obstacle Anarchy
50%
Time-Lost Plain Easy Tower of Coolio Sliding
50%
Something Otherworldly... (AF2023) Remorseless Tower of Drinking Purist Water
50%
BIOUMS (AF2025) Extreme Tower of g Möller
50%
Time-Lost Plain Medium Tower of Grass
50%
Legacy Fortress Intense Tower of Great Infamy
50%
Time-Lost Sands Easy Tower of Light Hues
50%
Time-Lost Tempest Remorseless Tower of Luminescent Midnight
50%
Borealis Reach (CE2025) Difficult Tower of Manifesting In Dreams
50%
BIOUMS (AF2025) Terrifying Tower of muumitalo
50%
BIOUMS (AF2025) Intense Tower of Not Like Us
50%
Something Otherworldly... (AF2023) Gingerbread "Tower of Oblivion"
50%
Time-Lost Clockwork Easy Tower of Placid Travels
50%
BIOUMS (AF2025) Catastrophic Tower of pro pillars
50%
BIOUMS (AF2025) Challenging Tower of Really Very Artificial Inspiration
50%
Heccfire Depths (HE2018) Difficult Tower of Retina Pain
50%
Heccfire Depths (HE2018) Hard Tower of Rising Molten Rocks
50%
Time-Lost Clockwork Insane Tower of Slipping Through Reality
50%
BIOUMS (AF2025) Horrific Tower of small pillars
50%
BIOUMS (AF2025) Horrific Tower of Splice Construct
50%
Terrain World (AF2022) Insane Tower of Terrain Climbing Adventures
50%
The Doghouse (AF2024) Intense Tower of The Conscious Fallacy
50%
Fool's Ring 9 (AF2021) Intense Tower of u a
50%
BIOUMS (AF2025) Hard Tower of Vesi Leikki
50%
Saint Venoma (HE2025) Hard Tower of Webbed Palace
50%
BIOUMS (AF2025) Medium Tower of Yelling: Slightly Upset
50%
Time-Lost ??? Insane Tower of You're a Star
50%
BIOUMS (AF2025) nil tuscan tower
50%
Saint Venoma (HE2025) Intense Wasn't Really A Tower, Honestly
50%
The Doghouse (AF2024) Medium Water Slide of Crazy Difficult
50%
Time-Lost Sands Remorseless Wow! It's A Tower!
50%
Time-Lost Tempest Intense Citadel of Malice
25%
Time-Lost Sands Remorseless Citadel of Squiggly Wiggly
25%
The Doghouse (AF2024) Challenging Dazzling Extraordinary Albutower
25%
Borealis Reach (CE2025) Intense Shrimply Another Normal Tower, Amazingly
25%
Time-Lost Tempest Challenging Steeple of Bad Lands Chugs
25%
Time-Lost ??? Remorseless Steeple of Banishment
25%
Eclipsed Headquarters (HE2022) Difficult Steeple of Blighted Blazonry
25%
Time-Lost ??? Easy Steeple of Broken Beyond Repair
25%
Snowmetropolis (CE2023) Difficult Steeple of Crazy Maniac's Cabin
25%
Harvest Carnival (HE2023) Hard Steeple of Dungeon Crawling
25%
Snowy Cabin (CE2019) Difficult Steeple of Festive Factory Infiltration
25%
Eclipsed Headquarters (HE2022) Hard Steeple of Forsaken Anguish
25%
T H I R S T Z O N E (CE2018) Difficult Steeple of Frantic Terrificness
25%
Abyssal Badlands (HE2019) Challenging Steeple of Haunted Traversing
25%
Snowy Cabin (CE2019) Difficult Steeple of Joyous Voyages
25%
Forsaken Manor (HE2020) Difficult Steeple of Midnight Fortress
25%
Time-Lost Plain Challenging Steeple of Nefarious Essence
25%
Snowy Cabin (CE2019) Challenging Steeple of Nightmare Before Christmas
25%
Time-Lost Sands Hard Steeple of Oversized Picking
25%
Borealis Reach (CE2025) Medium Steeple of Sleep Eternally
25%
Borealis Reach (CE2025) Challenging Steeple of The Christmas Spirit
25%
BIOUMS (AF2025) Insane Steeple of Tombs & Torture
25%
Snowmetropolis (CE2023) Intense Steeple of Triple Black Diamonds
25%
Old Frosted Kingdom (CE2020) Difficult Steeple of Winter Expeditions
25%
Snowmetropolis (CE2023) Medium Steeple of Wrathful Ornaments
25%
Snowmetropolis (CE2023) Challenging Steeple of Zesty Situations
25%
Something Otherworldly... (AF2023) Difficult TheVision of TheVision of Tower of TheVision of TheVision
25%
BIOUMS (AF2025) Remorseless Totally A Neat
25%
Time-Lost Tempest Difficult Tower of An Intricate Rise
25%
Time-Lost Clockwork Challenging Tower of Ascension and Descension
25%
Time-Lost ??? Intense Tower of Ashen Inferno
25%
Time-Lost Sands Difficult Tower of Basement Antics
25%
Time-Lost ??? Remorseless Tower of Bone Ripping Utter Hell
25%
Time-Lost ??? Medium Tower of Cake Walk
25%
BIOUMS (AF2025) Remorseless Tower of Class Resident Storage
25%
Terrain World (AF2022) Difficult Tower of Crazy Rollercoaster Riding
25%
Time-Lost Sands Remorseless Tower of Demonic Inspiration
25%
Time-Lost Plain Intense Tower of Disjointed Worlds
25%
Time-Lost Tempest Hard Tower of Easing Exultant Expeditions
25%
Time-Lost Plain Easy Tower of Frame Carvings
25%
Time-Lost Sands Remorseless Tower of Gloomy Depths
25%
Time-Lost ??? Intense Tower of Good Morning, Let's Basketball
25%
Time-Lost ??? Intense Tower of I Dislike You
25%
Time-Lost Clockwork Medium Tower of Intergalactic Voyages
25%
Time-Lost Clockwork Remorseless Tower of Is Steeple Crossing Required?
25%
Time-Lost Tempest Hard Tower of Jubilant Exercises
25%
Time-Lost Sands Remorseless Tower of Kyodaina Reizouko
25%
Time-Lost ??? Remorseless Tower of Losing Brain Cells
25%
Time-Lost Clockwork Challenging Tower of Menacing Stairway
25%
Time-Lost Plain Hard Tower of Mild Irritation
25%
Time-Lost Clockwork Difficult Tower of Nebulous Attitudes
25%
Time-Lost Sands Remorseless Tower of Nefarious Endeavors
25%
Time-Lost Sands Intense Tower of Nothing Much
25%
Time-Lost Clockwork Difficult Tower of Numb Hands
25%
Time-Lost Sands Medium Tower of Odd Algorithm
25%
Time-Lost Clockwork Intense Tower of Onerous Traversing
25%
Time-Lost Tempest Remorseless Tower of Orange World
25%
Time-Lost Plain Hard Tower of Outer Space Exploration
25%
Time-Lost Plain Medium Tower of Peaceful Vibes
25%
BIOUMS (AF2025) Catastrophic Tower of Perlin Dreams of Greatness
25%
Time-Lost Clockwork Gingerbread Tower of Potency and Greatness
25%
Time-Lost Tempest Intense Tower of Pure Exasperation
25%
Time-Lost Tempest Difficult Tower of Revolving Wack
25%
Time-Lost Clockwork Remorseless Tower of Slowly Escalating Tension
25%
Time-Lost Plain Intense Tower of Stained, Brutal Calamity
25%
Time-Lost Sands Intense Tower of Stalactite Boundaries
25%
Time-Lost Clockwork Gingerbread Tower of Stunning Inconsistent Obstacles
25%
Time-Lost Sands Remorseless Tower of The Mind Electric
25%
Time-Lost Tempest Challenging Tower of Vela Pulsar
25%
Time-Lost Sands Medium Tower of Very Simple Downfall
25%
Time-Lost Tempest Intense Tower of Vibing
25%
Time-Lost Clockwork Difficult Tower of Wacky Progression
25%
Time-Lost ??? Hard Tower of Zingy Gaming
25%
Time-Lost Plain Difficult Citadel of Monochrome and Vibrance
0%
Time-Lost Plain Medium Steeple of Adventurous Explorations
0%
Time-Lost Sands Hard Steeple of Garden Hose
0%
Time-Lost Clockwork Hard Steeple of Jungle Thrill
0%
Time-Lost ??? Challenging Steeple of Palm Tree Venturing
0%
Time-Lost ??? Medium Steeple of Pleasant Enjoyment
0%
Time-Lost Clockwork Difficult Steeple of Pool Noodle
0%
Time-Lost Tempest Challenging Steeple of Rising Temperatures
0%
Time-Lost ??? Easy Steeple of Seasonal Nature
0%
Time-Lost Tempest Challenging Steeple of Synthetic Celestials
0%
Time-Lost Sands Intense Steeple of The Deep Well
0%
Time-Lost Tempest Hard Steeple of Vivid Island Venturing
0%
Time-Lost Tempest Hard Tower of Advanced Electronics
0%
Time-Lost ??? Challenging Tower of Angry Structures
0%
Time-Lost Plain Remorseless Tower of Annoying Paths
0%
Time-Lost ??? Difficult Tower of Big Crack
0%
BIOUMS (AF2025) Remorseless Tower of BIG IGB GIB FAIL AILF ILFA LFAI
0%
Time-Lost Sands Medium Tower of Camels of The Sky
0%
Time-Lost Plain Intense Tower of Celestial Darkness
0%
Time-Lost Clockwork Difficult Tower of Close Cut Quandaries
0%
Time-Lost Tempest Intense Tower of Concealed Visions
0%
Time-Lost Sands Difficult Tower of Convoluted Expanses
0%
Time-Lost Tempest Intense Tower of Diving Into Madness
0%
Time-Lost Clockwork Challenging Tower of Fading Misery
0%
Time-Lost Clockwork Difficult Tower of Fair and Nice Serenity
0%
Time-Lost Sands Challenging Tower of Fallen World
0%
Time-Lost Clockwork Intense Tower of Fast Acceleration
0%
Time-Lost Clockwork Remorseless Tower of Freezing Cold Dreams
0%
Time-Lost Sands Intense Tower of Frozen Uplift
0%
Time-Lost Clockwork Remorseless Tower of Fun House Frenzy
0%
Time-Lost Tempest Intense Tower of Gates To Infinity
0%
Time-Lost Tempest Challenging Tower of Heavy Damage
0%
Time-Lost Tempest Remorseless Tower of Insanely Chaotic Creations
0%
Time-Lost Tempest Difficult Tower of Interstellar Dreams
0%
Time-Lost Sands Challenging Tower of Irregular Tranquility
0%
Time-Lost ??? Intense Tower of Laptop Snapping
0%
Time-Lost Sands Remorseless Tower of Lavish Embellishment
0%
Time-Lost ??? Hard Tower of Linear Troubles
0%
Time-Lost Sands Easy Tower of Little Frustration
0%
Time-Lost Plain Hard Tower of Many Realms
0%
Time-Lost Clockwork Hard Tower of Medium Demon
0%
Time-Lost Clockwork Medium Tower of No Distress
0%
Time-Lost Plain Medium Tower of Optimistic Experiences
0%
Time-Lost Sands Difficult Tower of Pleasant Descents
0%
Time-Lost Sands Challenging Tower of Prismatic Wonders
0%
Time-Lost Plain Medium Tower of Pushing Objects
0%
Time-Lost Tempest Remorseless Tower of Quantification
0%
Time-Lost ??? Hard Tower of Ravelled Motion
0%
Time-Lost Sands Hard Tower of Savory Citrus Platforming
0%
Time-Lost Sands Intense Tower of Scaling The Pillar
0%
Time-Lost Plain Hard Tower of Spaceship Finding
0%
Time-Lost Sands Medium Tower of Standard Newcomings
0%
Time-Lost Plain Difficult Tower of Subtle Graciousness
0%
Time-Lost Tempest Intense Tower of Taking a Seat
0%
Time-Lost Tempest Remorseless Tower of The Foreboding Abyss
0%
Time-Lost ??? Intense Tower of The Temporal Curse
0%
Legacy Fortress Difficult Tower of Total Exhaustion
0%
Time-Lost Plain Intense Tower of Truly Extensive Pillars
0%
Time-Lost Plain Intense Tower of Unfaithful Great Heights
0%
Legacy Fortress Difficult Tower of Unfortunate Possibilities
0%
Time-Lost Plain Difficult Tower of Various Routes
0%
Time-Lost Tempest Difficult Tower of Vast Horizons
0%
Time-Lost Clockwork Intense Tower of Violet Contradiction
0%
Time-Lost ??? Difficult Tower of Wavy Ripples
0%
Time-Lost ??? Challenging Tower of Zooming Zigzags
0%
No matching quizzes found
Score Distribution
Percent of People with Each Score
Percentile by Number Answered
Your Score History
You have not taken this quiz since the last reset